000 00931nam a22002537a 4500
003 DO-SdBNP
005 20240412074309.0
007 ta
008 220126b2019 a|||b |||| 00| 0 spa d
040 _aDO-SdBNP
_bspa
_cBNPHU
082 _222
_aRD 863.5
_bP438e
100 1 0 _aPérez, María Teresa
_981013
245 1 0 _aErnesto visita Bahía Samaná /
_cMaría Teresa Pérez ; ilus. Adrían Santana ; Reynoso, Omar Chamir [Fotografía]
260 _aSanto Domingo :
_bMinisterio de Turismo,
_bMedio Ambiente,
_c2019.
300 _a34 p. ;
_bil. ;
_c19 cm
490 _aCuentos infantiles sobre ecoturismo de la República Dominicana
590 _aInventariado, 2022 / SA
650 4 0 _aLiteratura dominicana.
_967
650 4 0 _aCuentos infantiles dominicanos
_9505
700 1 _a Santana, Adrían
_eIlustrador
_981018
700 1 _aReynoso, Omar Chamir [Fotografía]
_eFotografía
_981020
910 _aSaquino
942 _2ddc
_cLF2
999 _c51231
_d51231